| 000 | 01034nas a2200301 4500 | ||
|---|---|---|---|
| 001 | BR2011003557 | ||
| 003 | BR-BrBNA | ||
| 005 | 20231205115407.0 | ||
| 007 | ta | ||
| 008 | 230509b bl.|||p| |||| 00| 00por d | ||
| 040 |
_aBR-BrBNA _bpor _cBiblioteca Nacional de Agricultura |
||
| 041 | _a(Pt) | ||
| 072 | _aH20; F04 | ||
| 100 | 1 | _aMorales, R.G.F. | |
| 100 | 1 | _aSantos, I. | |
| 100 | 1 | _aDanner, M.A. | |
| 245 | 1 | _aEfeito do chorume líquido de suínos na podridão do colo e tombamento de plântulas de feijoeiro causadas por Sclerotium rolfsii | |
| 246 | 1 | _aEffect of liquid swine manure on collar rot and damping-off of bean plantlets caused by Sclerotium rolfsii | |
| 650 | _aSCLEROTIUM ROLFSII | ||
| 650 | _aFUNGO | ||
| 650 | _aFEIJÃO | ||
| 650 | _aPHASEOLUS VULGARIS | ||
| 650 | _aPURINA | ||
| 650 | _aMATÉRIA ORGÂNICA | ||
| 773 | 0 |
_tFitopatologia Brasileira (Brazil) _xISSN 0100-4158 _g(Sep-Oct 2007), v. 32(5) p. 429-433 _wBR2011003557 |
|
| 909 |
_a202311 _bLúcia _c55 _dLúcia Elande |
||
| 942 |
_2AGRIS _n0 _cANA |
||
| 999 |
_c213574 _d213574 |
||